| 000 | 00895cam a2200253 a 4500 | ||
|---|---|---|---|
| 005 | 20150925153305.0 | ||
| 008 | 941003s1995 enka b 001 0 eng | ||
| 020 | _a0521474620 (hardback) | ||
| 020 | _a0521479800 (pbk.) | ||
| 040 |
_aDLC _cDLC _dDLC _dCO-BoIAVH |
||
| 041 | _aeng | ||
| 082 | 0 | 4 |
_a304.23 _bF72l |
| 100 | 1 | _aForman, Richard T. T. | |
| 245 | 1 | 0 |
_aLand mosaics : _bthe ecology of landscapes and regions / _cRichard T.T. Forman. |
| 260 |
_aCambridge ; _aNew York : _bCambridge University Press, _c1995. |
||
| 300 |
_axx, 632 páginas : _bilustraciones ; _c26 cm. |
||
| 504 | _aIncluye referencias bibliográficas (páginas 525-604) y índices. | ||
| 650 | 0 | _aPolíticas Ambientales | |
| 650 | 0 | _aEcología del paisaje | |
| 650 | 0 | _aEcología Humana. | |
| 650 | 6 | _aFragmentación de bosques | |
| 650 | 4 |
_aTierra _xManejo |
|
| 942 |
_2ddc _cLIBRO |
||
| 999 |
_c527 _d527 |
||